| 000 | 01274cad a22002175a 4500 | ||
|---|---|---|---|
| 001 | E149648 | ||
| 008 | 100331s2010 xxkad f s 000 0 eng d | ||
| 035 | _a(Sirsi) u149648 | ||
| 041 | 0 | _aeng | |
| 110 | 2 |
_aKing Sturge _93877 |
|
| 245 | 0 | 0 |
_aUK industrial and distribution floorspace today _bMarch 2010 _h[electronic resource] |
| 260 |
_aLondon _bKing Sturge _c2010 |
||
| 490 | 0 |
_aUK Industrial and Distribution Floorspace Today _vMarch 2010 |
|
| 520 | _aReports that the amount of industrial floorspace available in Great Britain rose by 2.6% from June to December 2009, to reach 23.925 million m2 by the end of December 2009, however this was a slower increase than in H2 2008. In H2 2009, the largest increase in available floorspace was in East Anglia, where supply rose by 11%. Availability also rose in the South West by 5.8%, and in the East Midlands by 5.2%. The North was the only area to see a drop in availability. | ||
| 590 | _aKA | ||
| 651 | 4 |
_aUnited Kingdom _y |
|
| 690 | _aPROPERTY-COMMERCIAL PROPERTY-COMMERCIAL PROPERTY MARKET | ||
| 690 | _aPROPERTY-INDUSTRIAL PROPERTY | ||
| 856 | 4 | 0 |
_uhttps://www.kingsturge.co.uk/research/%7E/media/1B04A68F5A2D45C9B08A78174195E981.ashx _zView the item free of charge (PDF file) at www.kingsturge.co.uk |
| 942 | _n0 | ||
| 999 |
_c110577 _d110577 |
||